000 00368 a2200157 4500
003 Nust
005 20170207154603.0
040 _cNust
082 _a005.1
100 _aZagham, Nida MSCS-17
245 _aAutomatic Handover In Multiple Cameras
_cNC Nida Zagham
260 _aMCS
_cJuly 2013
300 _axi,91 p
538 _aAlmirah No 72 Shelf No 5
650 _aMSCS Thesis
942 _cTHS
999 _c198684
_d198684